Dissertations upon various subjects : which may be well worth the attention of every christian; and of real service to the sincere inquirer after true religion. /

Bibliographic Details
Main Author: Leaming, Jeremiah, 1717-1804
Format: eBook
Language:English
Series:Early American imprints. Evans (1639-1800) ; no. 33989.
Subjects:
Online Access:Evans Digital Edition

MARC

Tag First Indicator Second Indicator Subfields
LEADER 00000cam a2200000 a 4500
001 in00002139117
006 m e d #
007 cr mn mmmmabba
008 820422r1798 ctu s 000 0 eng d
005 20260331162529.3
035 |z w012036 
035 |a MAAR8204223604B 
035 |9 mwa91-6642 
035 |a 339412 
035 |a aas03012036 
040 |a MWA  |c MWA  |e bdrb  |d UtOrBLW 
100 1 |a Leaming, Jeremiah,  |d 1717-1804. 
245 1 0 |a Dissertations upon various subjects :  |b which may be well worth the attention of every christian; and of real service to the sincere inquirer after true religion. /  |c By Jeremiah Leaming, A.M. Rector of Christ's Church in Stratford. ; [One line of quotation]. 
264 3 |a [Litchfield, Conn.] :  |b Re-printed by T. Collier, in Litchfield,  |c 1798. 
300 |a vi, 1 unnumbered page, 8-72 pages ;  |c 21 cm. (octavo) 
336 |a text  |b txt  |2 rdacontent 
337 |a computer  |b c  |2 rdamedia 
338 |a online resource  |b cr  |2 rdacarrier 
500 |a Erratum note, page 68. 
500 |a "On conversion."--pages [69]-72. Also published separately as "An essay on conversion." 
510 4 |a Evans  |c 33989 
510 4 |a Trumbull, J.H. Connecticut,  |c 963 
530 |a Microform version available in the Readex Early American Imprints series. 
533 |a Electronic text and image data.  |b [Chester, Vt. :  |c Readex, a division of Newsbank, Inc.,  |d 2002-2004.  |e Includes files in TIFF, GIF and PDF formats with inclusion of keyword searchable text.  |f (Early American imprints. First series ; no. 33989). 
500 |a Electronic resource. 
650 0 |a Christianity. 
650 0 |a Conversion. 
700 1 2 |a Leaming, Jeremiah,  |d 1717-1804.  |t Essay on conversion. 
752 |a United States  |b Connecticut  |d Litchfield. 
830 0 |a Early American imprints.  |n Series I,  |p Evans (1639-1800) ;  |v no. 33989. 
856 4 1 |u http://proxy.library.tamu.edu/login?url=https://opac.newsbank.com/select/evans/33989  |y Evans Digital Edition  |t 0 
999 |a MARS 
999 f f |s 9548336c-1a41-3e0c-83f5-bebfe7a4d558  |i c7e0d60f-da39-33c3-aee7-f7f31f319417  |t 0 
952 f f |a Texas A&M University  |b College Station  |c Electronic Resources  |s www_evans  |d Available Online  |t 0  |h No information provided 
998 f f |t 0  |l Available Online